Polt̕ica en los mr̀genes Asentamientos irregulares en Montevideo /

Detalles Bibliográficos
Autor principal: ℓlvarez Rivadulla, Mara̕ Još
Formato: eBook
Lenguaje:español
Publicado: Bogot:̀ Universidad de Los Andes (Colombia), 2019
Materias:
Acceso en línea:Acceso restringido

MARC

LEADER 00000nam a22000007a 4500
005 20190906220246.0
007 cr|||| ||||
008 190906s2019 co |||||s|||| 00||0 spa d
020 |a 978-958-774-823-9 
035 |a 24812 
040 |a vLex 
090 |c 9425  |d 9425 
100 1 |a ℓlvarez Rivadulla, Mara̕ Još 
245 1 0 |a Polt̕ica en los mr̀genes  |h [Recurso electrn̤ico] :  |b Asentamientos irregulares en Montevideo /  |c Mara̕ Jos ̌ℓlvarez Rivadulla 
256 |a Servicio en ln̕ea 
260 |a Bogot:̀  |b Universidad de Los Andes (Colombia),  |c 2019 
300 |a 1 recurso electrn̤ico 
500 |a Hasta el momento, nadie ha escrito acerca de la historia de las ocupaciones de tierra irregulares en Montevideo. Polt̕ica en los mr̀genes recupera esa historia del olvido y la pone en dil̀ogo con la bibliografa̕ sobre polt̕ica popular. Partiendo de la perspectiva de los movimientos sociales y la polt̕ica contenciosa, el libro cuestiona el presupuesto de que factores socioeconm̤icos como la pobreza fueron los n︢icos desencadenantes de las ocupaciones de tierras. Plantea que la escena polt̕ica tambiň determin ̤el nm︢ero y el tipo de invasiones de tierras, aunque de diversas formas a lo largo del tiempo. 
506 1 |a Disponible solo en los productos indicados  |d vLex Global  |d vLex Global (Academic Edition, excluding Law Schools)  |d vLex Global (U.S. Academic Edition, Law Schools)  |d vLex Global (U.S. Academic Edition, excluding Law Schools)  |d vLex Global (Academic Edition, Law Schools) 
650 0 4 |a Derecho Pb︢lico y Administrativo  |z Colombia 
650 0 4 |a Ciencia polt̕ica  |z Colombia 
740 0 |a vLex Libros (Servicio en ln̕ea) 
856 4 0 |u http://vlex.com/source/politica-en-los-margenes-asentamientos-irregulares-en-montevideo-24812  |z Acceso restringido 
942 |c BOOK 
999 0 |a Public and Administrative Law 
999 0 |a Political Science